Statistics for English Football Clubs In Top 6 Divisions 2019-2020

Click here to take the quiz!

General Stats

  • This quiz has been taken 708 times
  • The average score is 84 of 160

Answer Stats

Answer% Correct
PremierManchester United
99%
PremierLiverpool
98%
PremierManchester City
98%
PremierArsenal
97%
PremierChelsea
96%
PremierAston Villa
95%
PremierNewcastle United
95%
PremierEverton
94%
PremierTottenham Hotspur
94%
PremierWest Ham United
94%
PremierBrighton & Hove Albion
92%
PremierNorwich City
92%
PremierLeicester City
91%
FL ChampionshipNottingham Forest
91%
PremierSouthampton
91%
PremierWolverhampton Wanderers
91%
PremierBurnley
89%
FL ChampionshipLeeds United
89%
PremierSheffield United
88%
FL ChampionshipCardiff City
87%
FL League 1Sunderland
87%
FL ChampionshipSwansea City
86%
PremierWatford
86%
PremierBournemouth
85%
PremierCrystal Palace
85%
FL ChampionshipFulham
85%
FL ChampionshipBirmingham City
84%
FL ChampionshipDerby County
84%
FL League 1Portsmouth
82%
FL ChampionshipSheffield Wednesday
81%
FL ChampionshipWest Bromwich Albion
80%
FL ChampionshipBlackburn Rovers
79%
FL ChampionshipBristol City
79%
FL ChampionshipQueens Park Rangers
79%
FL ChampionshipHull City
78%
FL League 1Blackpool
77%
FL ChampionshipStoke City
77%
FL ChampionshipWigan Athletic
77%
FL League 1Bolton Wanderers
76%
FL ChampionshipHuddersfield Town
76%
FL ChampionshipMiddlesbrough
76%
FL ChampionshipBarnsley
75%
FL ChampionshipBrentford
75%
FL League 1Ipswich Town
74%
FL ChampionshipReading
74%
FL ChampionshipLuton Town
73%
FL ChampionshipCharlton Athletic
72%
FL League 1Oxford United
72%
FL League 2Plymouth Argyle
71%
FL ChampionshipPreston North End
71%
FL League 1Bristol Rovers
70%
FL League 2Bradford City
69%
FL League 1Coventry City
68%
FL League 1Accrington Stanley
67%
FL League 2Cambridge United
67%
FL League 1AFC Wimbledon
66%
FL ChampionshipMillwall
66%
FL League 1Lincoln City
65%
FL League 2Exeter City
64%
FL League 2Northampton Town
64%
National LeagueNotts County
64%
FL League 2Oldham Athletic
64%
FL League 1Milton Keynes Dons
62%
FL League 1Wycombe Wanderers
61%
FL League 1Doncaster Rovers
60%
FL League 1Peterborough United
59%
FL League 2Swindon Town
59%
NL NorthYork City
59%
FL League 2Carlisle United
57%
NL NorthChester
57%
FL League 1Tranmere Rovers
57%
FL League 1Bury
56%
FL League 2Colchester United
56%
FL League 2Crewe Alexandra
55%
FL League 2Grimsby Town
55%
FL League 2Newport County
55%
FL League 1Rotherham United
55%
FL League 2Salford City
55%
FL League 2Cheltenham Town
53%
FL League 1Fleetwood Town
53%
FL League 1Southend United
53%
National LeagueYeovil Town
53%
FL League 1Burton Albion
52%
FL League 2Leyton Orient
52%
National LeagueWrexham
52%
FL League 1Gillingham
50%
FL League 2Forest Green Rovers
49%
FL League 2Mansfield Town
49%
FL League 2Walsall
49%
FL League 2Macclesfield Town
48%
FL League 1Rochdale
47%
FL League 2Crawley Town
46%
FL League 2Morecambe
46%
FL League 2Port Vale
46%
FL League 2Stevenage
46%
National LeagueChesterfield
45%
National LeagueDover Athletic
45%
FL League 1Shrewsbury Town
45%
FL League 2Scunthorpe United
44%
National LeagueDagenham & Redbridge
43%
National LeagueTorquay United
42%
NL SouthBath City
41%
National LeagueHartlepool United
41%
National LeagueBarnet
40%
National LeagueStockport County
40%
National LeagueSutton United
38%
National LeagueBarrow
37%
National LeagueAldershot Town
36%
NL NorthHereford
36%
National LeagueWoking
34%
National LeagueHalifax Town
33%
NL NorthGateshead
32%
National LeagueHarrogate Town
32%
NL NorthBoston United
30%
NL NorthDarlington
30%
NL NorthKidderminster Harriers
30%
NL NorthGloucester City
29%
NL SouthMaidstone United
28%
NL SouthChelmsford City
27%
NL NorthSouthport
27%
National LeagueEastleigh
26%
National LeagueSolihull Moors
26%
National LeagueMaidenhead United
25%
NL SouthSlough Town
25%
National LeagueBromley
24%
National LeagueChorley
23%
NL NorthKettering Town
23%
NL NorthAltrincham
22%
NL NorthKing's Lynn Town
22%
NL NorthAFC Telford United
21%
National LeagueBoreham Wood
21%
NL NorthBlyth Spartans
20%
NL SouthEastbourne Borough
20%
National LeagueFylde
20%
NL SouthDartford
19%
NL NorthAlfreton Town
18%
NL NorthBradford (Park Avenue)
18%
National LeagueEbbsfleet United
18%
NL SouthHavant & Waterlooville
18%
NL SouthOxford City
18%
NL SouthWeymouth
18%
NL SouthChippenham Town
17%
NL SouthBraintree Town
16%
NL SouthBillericay Town
15%
NL SouthDorking Wanderers
15%
NL NorthGuiseley
15%
NL SouthHampton & Richmond Borough
15%
NL SouthSt Albans City
15%
NL SouthWealdstone
15%
NL NorthBrackley Town
14%
NL SouthConcord Rangers
14%
NL NorthCurzon Ashton
14%
NL SouthDulwich Hamlet
14%
NL NorthSpennymoor Town
14%
NL NorthLeamington
13%
NL SouthWelling United
13%
NL NorthFarsley Celtic
12%
NL SouthHemel Hempstead Town
10%
NL SouthHungerford Town
10%
NL SouthTonbridge Angels
10%

Score Distribution

Percentile by Number Answered

Percent of People with Each Score

Your Score History

You have not taken this quiz